Estadísticas para 15 principales países con muertes de Covid-19 - 3 jun 2021

Haz click aquí para intentar la prueba.

Estadísticas generales

  • Esta prueba ha sido intentada 5 veces
  • La puntuación promedio es 19 de 24

Estadísticas de respuestas

total
muertes
país% Correcto
79 873Argentina
100%
469 784Brasil
100%
80 099España
100%
611 611Estados Unidos
100%
340 719India
100%
126 342Italia
100%
228 146México
100%
74 075Polonia
100%
127 812Reino Unido
100%
122 660Rusia
100%
89 605Alemania
80%
Bélgica
80%
Chequia
80%
90 353Colombia
80%
109 857Francia
80%
80 658Irán
80%
185 380Perú
80%
Bosnia y Herzegovina
60%
Eslovaquia
60%
Eslovenia
60%
Macedonia del Norte
60%
Croacia
40%
Hungría
40%
Bulgaria
20%

Distribución de puntuación

Porcentaje por número respondido

Porcentaje de gente con cada puntuación

Historial de tus puntuaciones

No has intentado esta prueba.